Aa Piyar Dil main Jaga / (Record no. 525781)

000 -LEADER
fixed length control field 00550nam a22001817a 4500
003 - CONTROL NUMBER IDENTIFIER
control field NUST
020 ## - INTERNATIONAL STANDARD BOOK NUMBER
International Standard Book Number 978-969-593-150-9
Qualifying information HB/K
038 ## - RECORD CONTENT LICENSOR
Staff Name Faiza
082 ## - DEWEY DECIMAL CLASSIFICATION NUMBER
Classification number 891.491101
Author Mark NOO
100 ## - MAIN ENTRY--PERSONAL NAME
Personal name Noor, Rukhsana
9 (RLIN) 16726
245 ## - TITLE STATEMENT
Title Aa Piyar Dil main Jaga /
Statement of responsibility, etc. Rukhsana Noor
260 ## - PUBLICATION, DISTRIBUTION, ETC.
Place of publication, distribution, etc. Lahore :
Name of publisher, distributor, etc. Sanjh Publications,
Date of publication, distribution, etc. 2015.
300 ## - PHYSICAL DESCRIPTION
Extent 153 p. ;
880 ## - ALTERNATE GRAPHIC REPRESENTATION
Linkage 100-01\r
Title رخسانہ نور
880 ## - ALTERNATE GRAPHIC REPRESENTATION
Linkage 245-02\r
Title آ پیاردل میں جگا /
880 ## - ALTERNATE GRAPHIC REPRESENTATION
Linkage 260-03\r
Title لاہور :
b سانجھ پبلیکیشنز,
c ۲۰۱۵.
942 ## - ADDED ENTRY ELEMENTS (KOHA)
Source of classification or shelving scheme
Koha item type Book
Holdings
Withdrawn status Lost status Source of classification or shelving scheme Damaged status Not for loan Permanent Location Current Location Date acquired Total Checkouts Full call number Barcode Date last seen Price effective from Koha item type
          Central Library (CL) Central Library (CL) 07/04/2019   891.491101 NOO CL-E-190 07/04/2019 07/04/2019 Book
© 2023 Central Library, National University of Sciences and Technology. All Rights Reserved.